Constructing mathematical knowledge : epistemology and mathematics education
Αποθηκεύτηκε σε:
| Άλλοι συγγραφείς: | |
|---|---|
| Μορφή: | Βιβλίο |
| Γλώσσα: | English |
| Δημοσίευση: |
London :
The Falmer Press,
1994
|
| Σειρά: | Studies in mathematics education series ;
; 4 |
| Θέματα: | |
| Ετικέτες: |
Προσθήκη ετικέτας
Δεν υπάρχουν, Καταχωρήστε ετικέτα πρώτοι!
|
MARC
| LEADER | 00000nam a2200000 i 4500 | ||
|---|---|---|---|
| 001 | 1/95785 | ||
| 008 | 991208s1994 eng d | ||
| 020 | |a 0-7507-0354-7 | ||
| 035 | |l 10055452 | ||
| 040 | |a GR-MY-UA |b gre |e aacr | ||
| 041 | 0 | |a eng | |
| 082 | 0 | |a 510.7 | |
| 245 | 1 | 0 | |a Constructing mathematical knowledge : |b epistemology and mathematics education / |c edited by Paul Ernest |
| 260 | |a London : |b The Falmer Press, |c 1994 | ||
| 300 | |a 282 p. | ||
| 490 | 1 | |a Studies in mathematics education series |v ; 4 | |
| 650 | 0 | 0 | |a Mathematics |x Study and teaching. |
| 700 | 1 | |a Ernest, Paul. |4 edt | |
| 830 | 0 | |a Studies in mathematics education series ; |v ; 4 | |
| 852 | |a INST |b RHODES |e 19991208 |h 510.7 CON |p 005400014193 |q 005400014193 |t BK |y 0 | ||
| 901 | |a BIBL4-1999-3 | ||
| 909 | |a Ρ |b 069310 | ||
| 922 | |a 4ΕΛΗ |b 199910 |c ΚΠΣ/154 |d GLORY BOOKS | ||
| 970 | |a ΚΟΥΛΑΚΙΟΤΗ |b ΛΙΤΣΑ |z 1999/12/08 | ||